| 000 | 00427nam a22001817a 4500 | ||
|---|---|---|---|
| 003 | OSt | ||
| 005 | 20260429160224.0 | ||
| 008 | 230309b |||||||| |||| 00| 0 eng d | ||
| 020 | _a9781803238302 | ||
| 082 | _a005.8 OEL | ||
| 100 | _aOETTINGER, William | ||
| 245 | _aLearn Computer Forensics | ||
| 250 | _a2nd Ed | ||
| 260 |
_aNew Delhi _bPacket |
||
| 300 | _a411 | ||
| 650 | _aLearn Computer forensics | ||
| 942 |
_2ddc _cBK |
||
| 999 |
_c11865 _d11865 |
||